Statistics for UFC FIGHTERS WITH MOST FIGHTS ALL TIME

Click here to take the quiz!

General Stats

  • This quiz has been taken 62 times
  • The average score is 3 of 12

Answer Stats

HintAnswer% Correct
32 (22-9-0, 1 NC)Charles Oliveira
69%
42 (25-16-0, 1 NC)Jim Miller
69%
38 (23-14-0, 1 NC)Donald Cerrone
65%
40 (23-16-0, 1 NC)Andrei Arlovski
30%
34 (21-13-0)Rafael dos Anjos
20%
35 (18-17-0)Clay Guida
19%
32 (19-13-0)Diego Sanchez
15%
30 (17-13-0)Matt Brown
15%
30 (21-9-0)Neil Magny
11%
33 (22-11-0)Demian Maia
9%
30 (18-11-1)Frankie Edgar
9%
34 (15-18-0, 1 NC)Jeremy Stephens
7%

Score Distribution

Percentile by Number Answered

Percent of People with Each Score

Your Score History

You have not taken this quiz